| 000 | 00739nam a2200241I 4500 | ||
|---|---|---|---|
| 999 |
_c229 _d229 |
||
| 001 | 1432788 | ||
| 003 | OCoLC | ||
| 005 | 20180809171543.0 | ||
| 008 | 750707s1931 xx 000 0 eng u | ||
| 010 | _a31017544 | ||
| 035 | 0 | 1 | _a31017544 |
| 040 |
_cMDY _dMAL |
||
| 050 |
_aBV4223 _b.L38 |
||
| 082 |
_a251.02 _bL434S |
||
| 092 |
_a251.2 _bL46s |
||
| 100 | 1 |
_aLeach, William H. _q(William Herman), _d1888- |
|
| 245 | 1 | 0 |
_aSermon hearts, _cby William H. Leach. |
| 260 |
_aNashville, _bCokesbury press _c[c1931] |
||
| 300 |
_a320 p. _c20 cm. |
||
| 500 | _a"The author places within this volume the condensed outlines of one hundred and fifty great sermons by many preachers." | ||
| 650 | 0 |
_aSermons _vOutlines, syllabi, etc. |
|
| 942 |
_2ddc _cBK |
||